| 000 | 00750nab#a2200217#c#4500 | ||
|---|---|---|---|
| 999 |
_c122021 _d122021 |
||
| 003 | IEF | ||
| 005 | 20191203182506.0 | ||
| 008 | 950704s1976 uuu|| #####0 b| |u | ||
| 040 |
_aIEF _cES-MaIEF |
||
| 245 |
_aLa nacionalización del acero _b[Documento presentado al Parlamento por el Ministro de Energía por orden de Su Majestad en abril de 1965] [Libro blanco sobre la nacionalización de la industria] |
||
| 260 | _c1976 | ||
| 500 | _aConclusiones | ||
| 650 | 4 |
_aEMPRESAS PUBLICAS _943602 |
|
| 650 | 4 |
_aINDUSTRIA SIDEROMETALURGICA _946755 |
|
| 650 | 4 |
_aNACIONALIZACIONES _947817 |
|
| 650 | 4 |
_aPOLITICA INDUSTRIAL _948060 |
|
| 773 | 0 |
_tHacienda pública española _w34570 _g41, p. 294-309 |
|
| 942 | _2udc | ||
| 942 | _2udc | ||